000
00267nam a22001217a 4500
082
_a
823
_b
CLO/S
100
_a
CLOVER, PETER
245
_a
SHELTIE IN DANGER
246
_a
SHELTIE IN DANGER
_b
SHELTIE IN DANGER
260
_c
1997
650
_a
ENGLISH STORY
942
_c
BK
999
_c
8705
_d
8705